1657 1452 1934 1600 1544 1860 1753 1245 1730 1194 1542 1237 1483 1001 1426 1397 1572 1018 1090 1728 1670 1536 1022 1112 1423 1300 1281 1884 1461 1304 1114 1971 1550 1193 1608 1274 1509 1699 1591 1283 1117 1979 1120 1162 1747 1469 1168 1549 1428 1359 1664 1312 1443 1705 1823 1047 1572 1338 1889 1273 1969 1498 1180 1856 1789 1644 1849 1626 1969 1325 1319 1731 1400 1583 1571 1925 1599 1677 1469 1387 1747 1710 1989 1887 1667 1747 1585 1877 1547 1274 1316 1657 1622 1694 1866 1347 1113 1207 1393 BCNSPRNW ULIB Ver.6.0+V

เปลี่ยนเป็นภาษาไทย

Change to English
 แสดงรายละเอียดบรรณานุกรม
  กลับหน้าหลัก

Brief Record : Get Marc (ISO 2709) : E-mail record : QR code < ปิดหน้าต่าง
LEADER : 00000nam 2200000uu 4500
001    13399126006
003     ULIB
008    180409s2013||||th 000 0 tha d
020    ^a9781408269947
050  4 ^aPE1116.N8^bW952E
100 1  ^aWright, Ros
245 10 ^aEnglish for nursing 2 :^bvocational English course book /^cRos Wright and Bethany cagnol ; series editor David Bonamy
260    ^aHarlow, Essex :^bPearson Education Limited,^c2013
300    ^a79 p. :^bill.+^e1 Compacdisc (4 3/4 in.)
650  4 ^aEnglish language^xConversation and phrase books (for nurse)
650  4 ^aCommunication in nursing
700 1  ^aCagnol, Bethany
700 1  ^aBonamy, David^eed.
856    ^a^zEnglish for nursing 2(10041455).pdf (สารบัญหนังสือ)^uhttp://61.19.69.198:80/ULIB//_fulltext/Content ::/13399126375/20150123123446_3151.pdf
945    ^p0^l0^i003423
999    ^aประนอม เกษจรัล
รายการนี้ยังไม่มีแท็ก
คุณยังไม่ได้ล็อกอิน คุณสามารถมีกิจกรรมร่วมกับเว็บไซต์ได้ แต่ต้องล็อกอินก่อน ::
  ล็อกอิน

รายการสื่อสารสนเทศ

ลำดับที่ ประเภท เลขเรียก/บาร์โค้ด สถานที่ สถานะ
1. วิทยาศาสตร์การแพทย์ และสุขภาพ
วิทยาศาสตร์การแพทย์ และสุขภาพ
PE1116.N8 W952E ฉ.1 
  Barcode: 003423
ห้องสมุดวิทยาเขตสวรรค์ประชารักษ์
►หนังสือทั่วไป
บนชั้น

รายการใกล้เคียง
    ผู้แต่ง [Wright, Ros]

    หัวเรื่อง [Communication in nursing]

BibComment


ยังไม่เคยถูกคอมเมนท์

คอมเมนท์ทรัพยากรรายการนี้
  คอมเมนท์: English for nurs..


 Copyright 2026. Bcnsprnw @Library